| 000 | 00000nam 2200000zi 4500 |
| 001 | 9.946674 |
| 003 | CaOODSP |
| 005 | 20250221084615 |
| 006 | m o d f |
| 007 | cr cn||||||||| |
| 008 | 250109t20252025qucb o f000 0 eng d |
| 020 | |a9780660751641 |
| 040 | |aCaOODSP|beng|erda|cCaOODSP |
| 043 | |an-cn--- |
| 086 | 1 |aEn14-31/2025E-PDF |
| 245 | 00|aEnvironmental Damages Fund : |bapplicant guide. |
| 264 | 1|aGatineau, Quebec : |bEnvironment and Climate Change Canada = Environnement et changement climatique Canada, |c[2025] |
| 264 | 4|c©2025 |
| 300 | |a1 online resource (iv, 19 pages) : |bcolour map |
| 336 | |atext|btxt|2rdacontent |
| 337 | |acomputer|bc|2rdamedia |
| 338 | |aonline resource|bcr|2rdacarrier |
| 500 | |aIssued also in French under title: Fonds pour dommages à l'environnement : guide du demandeur. |
| 500 | |a"EC24056." |
| 650 | 0|aEnvironmental protection|zCanada|xFinance. |
| 650 | 0|aEnvironmental policy|zCanada. |
| 650 | 0|aEnvironmental impact charges|xGovernment policy|zCanada. |
| 710 | 1 |aCanada. |bEnvironment and Climate Change Canada, |eissuing body. |
| 775 | 08|tFonds pour dommages à l'environnement : |w(CaOODSP)9.946675 |
| 795 | |tEnvironmental Damages Fund : |w(CaOODSP)9.935768 |
| 856 | 40|qPDF|s4.76 MB|uhttps://publications.gc.ca/collections/collection_2025/eccc/En14-31-2025-eng.pdf |